000 00789na a2200253 4500
001 23601
003 MIRAKIL
005 20181213155314.0
008 180110b tu 000 0
040 _aMilas
_btur
_cTR-AnCHP
041 _atur
082 _a342.082
_bY24o 2010
090 _a342.082 Y24o 2010
100 _aYakinthou, Christalla
245 _aOrtak bir amaç üzerinden uzlaşmak: Kıbrıs'ta mülteci ve sığınmacılar için insan hakları
_cChristalla Yakinthou, Öncel Polili
260 _aAnkara
_bTESEV Yayınları
_c2010
300 _a36 s.
_bgrf.
_c30 sm.
440 _aTesev Yayınları
504 _aKaynakça var.
650 _aİnsan hakları
_xMülteciler
650 _aKıbrıs
_xGöç ve göçmenler
700 _aPolili, Öncel
942 _2dcc
_cBKS
999 _c10298
_d10298